[Event "BL 1516 Werder Bremen - SG Turm Trier"]
[Site "?"]
[Date "2015.12.13"]
[Round "4.6"]
[White "Smerdon, David"]
[Black "Bobras, Piotr"]
[Result "1/2-1/2"]
[WhiteElo "2525"]
[BlackElo "2520"]
[PlyCount "57"]
[EventDate "2015.??.??"]

1. e4 c5 2. c3 d5 3. exd5 Qxd5 4. d4 Nc6 5. Nf3 Bf5 6. Be3 Nf6 7. Na3 e6 8. Qa4
a6 9. Bc4 Qe4 10. O-O-O Be7 11. Bd3 Qd5 12. c4 Qd7 13. Bxf5 exf5 14. dxc5 Qc8
15. Ne5 O-O 16. Nxc6 bxc6 17. Nc2 a5 18. Kb1 Re8 19. Nd4 Ra6 20. Qc2 g6 21. Bg5
Nd7 22. Bxe7 Rxe7 23. Qc3 a4 24. Qg3 a3 25. Nxf5 Re2 26. Nh6+ Kg7 27. Nf5+ Kg8
28. Nh6+ Kg7 29. Nf5+ 1/2-1/2

[Event "BL 1516 Werder Bremen - SG Turm Trier"]
[Site "?"]
[Date "2015.12.13"]
[Round "4.7"]
[White "Gordon, Stephen J"]
[Black "Fish, Gennadij"]
[Result "1/2-1/2"]
[WhiteElo "2499"]
[BlackElo "2458"]
[PlyCount "44"]
[EventDate "2015.??.??"]

1. c4 e6 2. g3 d5 3. Bg2 Nf6 4. Nf3 c5 5. O-O Be7 6. d4 O-O 7. dxc5 Bxc5 8. a3
dxc4 9. Qxd8 Rxd8 10. Ne5 Nc6 11. Nxc4 Nd5 12. b4 Bd4 13. Ra2 b5 14. Ne3 Bxe3
15. Bxe3 Nxe3 16. Bxc6 Nxf1 17. Bxa8 Rd1 18. Nc3 Rc1 19. Kg2 Ne3+ 20. fxe3 Rxc3
21. a4 bxa4 22. Rxa4 Rc7 1/2-1/2

[Event "BL 1516 Werder Bremen - SG Turm Trier"]
[Site "?"]
[Date "2015.12.13"]
[Round "4.8"]
[White "Meins, Gerlef"]
[Black "Gonda, Laszlo"]
[Result "1/2-1/2"]
[WhiteElo "2428"]
[BlackElo "2544"]
[PlyCount "68"]
[EventDate "2015.??.??"]

1. Nf3 d5 2. c4 d4 3. e3 Nc6 4. exd4 Nxd4 5. Nxd4 Qxd4 6. Nc3 c6 7. d3 Nh6 8.
Be3 Qd8 9. Bxh6 gxh6 10. d4 Bg7 11. d5 Bxc3+ 12. bxc3 Rg8 13. Qf3 Qc7 14. Be2
cxd5 15. cxd5 Bg4 16. Qg3 Rc8 17. Rc1 Qxg3 18. hxg3 Bxe2 19. Kxe2 Rg6 20. Rh4
Rd6 21. Ke3 Rc5 22. c4 Ra5 23. Rc2 Rda6 24. Rb2 b6 25. Rxh6 Ra3+ 26. Kd4 Rxa2
27. Rxa2 Rxa2 28. Rxh7 Rxf2 29. Rh8+ Kd7 30. Ra8 Ra2 31. g4 f6 32. Kc3 Kd6 33.
Rd8+ Kc7 34. Re8 Kd7 1/2-1/2

[Event "BL 1516 Turm Emsdetten - SG Solingen"]
[Site "?"]
[Date "2015.12.13"]
[Round "4.1"]
[White "Harikrishna, Pentala"]
[Black "Grandelius, Nils"]
[Result "1-0"]
[WhiteElo "2743"]
[BlackElo "2632"]
[PlyCount "117"]
[EventDate "2015.??.??"]

1. e4 c5 2. Nf3 Nf6 3. Nc3 d6 4. d4 cxd4 5. Nxd4 g6 6. Be3 Bg7 7. f3 Nc6 8. Qd2
O-O 9. O-O-O d5 10. Qe1 e6 11. h4 Qc7 12. exd5 Nxd5 13. Ndb5 Qe5 14. Bc5 Qxe1
15. Rxe1 Rd8 16. Nxd5 Rxd5 17. Be3 Rd7 18. Be2 a6 19. Nc3 b5 20. Ne4 Nb4 21.
Kb1 Nd5 22. Bc1 Raa7 23. h5 Rac7 24. hxg6 hxg6 25. Rh4 Bb7 26. Rd1 Nf6 27. Rxd7
Rxd7 28. Nc5 Rc7 29. Nxb7 Rxb7 30. c4 Bf8 31. Bg5 Nd7 32. cxb5 axb5 33. Rd4 b4
34. Ba6 Ra7 35. Bb5 Ra5 36. Rxd7 Rxb5 37. Bd2 g5 38. Kc2 Re5 39. Rd8 Kg7 40. a4
Re2 41. g4 Rf2 42. Rd3 f5 43. a5 fxg4 44. fxg4 Bc5 45. Kb3 e5 46. Kc4 Bd4 47.
b3 Rg2 48. Bxb4 Rxg4 49. Bc5 Bg1+ 50. Kb5 e4 51. Rc3 Bxc5 52. Kxc5 Rf4 53. b4
g4 54. a6 Rf3 55. Rc1 g3 56. a7 Ra3 57. Kb6 e3 58. Kb7 e2 59. a8=Q 1-0

[Event "BL 1516 Turm Emsdetten - SG Solingen"]
[Site "?"]
[Date "2015.12.13"]
[Round "4.2"]
[White "Ipatov, Alexander"]
[Black "Rapport, Richard"]
[Result "1/2-1/2"]
[WhiteElo "2619"]
[BlackElo "2715"]
[PlyCount "91"]
[EventDate "2015.??.??"]

1. d4 e6 2. c4 f5 3. g3 Nf6 4. Bg2 Be7 5. Nf3 d5 6. O-O Ne4 7. Nc3 c6 8. Ne5
Nd7 9. Nxd7 Bxd7 10. Nxe4 fxe4 11. Bf4 O-O 12. e3 b5 13. c5 a5 14. f3 exf3 15.
Bxf3 Be8 16. e4 Bg6 17. e5 Be4 18. Bh5 Qc7 19. Qd2 a4 20. Be3 Bf5 21. h4 Bh3
22. Rxf8+ Rxf8 23. Kh2 Bf5 24. Rf1 Qd8 25. Bg5 Bxg5 26. Qxg5 Qxg5 27. hxg5 a3
28. bxa3 Ra8 29. Rf2 g6 30. Bd1 Rxa3 31. g4 Bb1 32. Bb3 Kg7 33. Rf6 Bxa2 34.
Bxa2 Rxa2+ 35. Kg3 Ra6 36. Rxe6 Kf7 37. Rf6+ Ke7 38. Kf4 b4 39. Ke3 Ra3+ 40.
Kd2 Rg3 41. Rxc6 Rxg4 42. Kd3 Rxg5 43. Rc7+ Ke6 44. Rc6+ Ke7 45. Rc7+ Ke6 46.
Rc6+ 1/2-1/2

[Event "BL 1516 Turm Emsdetten - SG Solingen"]
[Site "?"]
[Date "2015.12.13"]
[Round "4.3"]
[White "Ragger, Markus"]
[Black "Mchedlishvili, Mikheil"]
[Result "1-0"]
[WhiteElo "2687"]
[BlackElo "2635"]
[PlyCount "65"]
[EventDate "2015.??.??"]

1. Nf3 d5 2. d4 Nf6 3. c4 c6 4. e3 Bf5 5. Nc3 e6 6. Nh4 Be4 7. f3 Bg6 8. Qb3
Qb6 9. Nxg6 hxg6 10. Bd2 Nbd7 11. O-O-O Qxb3 12. axb3 Bd6 13. h3 a6 14. Kb1 Rc8
15. Bd3 c5 16. cxd5 Nxd5 17. Nxd5 exd5 18. dxc5 Bxc5 19. Bc2 O-O 20. h4 Rfe8
21. h5 gxh5 22. Rxh5 Nf6 23. Rh3 Kf8 24. g4 g6 25. g5 Nh5 26. f4 d4 27. exd4
Bxd4 28. f5 Kg7 29. fxg6 fxg6 30. Rd3 Bc5 31. Bc3+ Kg8 32. b4 Be7 33. Bb3+ 1-0

[Event "BL 1516 Turm Emsdetten - SG Solingen"]
[Site "?"]
[Date "2015.12.13"]
[Round "4.4"]
[White "Yilmaz, Mustafa"]
[Black "L'Ami, Erwin"]
[Result "1/2-1/2"]
[WhiteElo "2593"]
[BlackElo "2628"]
[PlyCount "41"]
[EventDate "2015.??.??"]

1. d4 f5 2. g3 Nf6 3. Bg2 g6 4. Nf3 Bg7 5. O-O O-O 6. c4 d6 7. Nc3 c6 8. d5 e5
9. e4 cxd5 10. cxd5 Na6 11. Ng5 Nc7 12. exf5 gxf5 13. Qb3 Qe7 14. Rd1 e4 15.
Nh3 Ng4 16. Nf4 Na6 17. Bf1 Nc5 18. Qa3 Bd7 19. h3 Ne5 20. Be3 Rfc8 21. Nb5
1/2-1/2

[Event "BL 1516 Turm Emsdetten - SG Solingen"]
[Site "?"]
[Date "2015.12.13"]
[Round "4.5"]
[White "Van Kampen, Robin"]
[Black "Pruijssers, Roeland"]
[Result "1-0"]
[WhiteElo "2615"]
[BlackElo "2489"]
[PlyCount "135"]
[EventDate "2015.??.??"]

1. d4 f5 2. Nc3 Nf6 3. Bg5 d5 4. e3 e6 5. Nf3 c5 6. Bxf6 Qxf6 7. Nb5 Na6 8. c4
cxd4 9. exd4 Bb4+ 10. Nc3 O-O 11. Qb3 dxc4 12. Bxc4 Bd6 13. O-O Nc7 14. Rfe1 a6
15. Qb6 Rd8 16. Re2 h6 17. Rae1 Kh7 18. Ne5 Qe7 19. Nd3 Qf6 20. Ne5 Qe7 21. a3
Rb8 22. Nf3 Qf6 23. h4 Ra8 24. Ba2 Rb8 25. g3 Ra8 26. Ne5 Qe7 27. Nc4 a5 28.
Qb3 Ra6 29. d5 Bc5 30. dxe6 Rxe6 31. Ne5 Bd4 32. Nf3 Bc5 33. Rxe6 Bxe6 34. Rxe6
Nxe6 35. Qxe6 Qxe6 36. Bxe6 g6 37. h5 gxh5 38. Bxf5+ Kg7 39. Be4 Rd7 40. Kf1
Be7 41. Nd5 Bf6 42. b3 b5 43. a4 bxa4 44. bxa4 Bg5 45. Nd4 Kf7 46. Ke2 Rb7 47.
Nb5 Rb8 48. f4 Bd8 49. Ne3 Be7 50. Nf5 Bf8 51. Bf3 Kf6 52. Ne3 Kg6 53. Nc4 h4
54. Ne5+ Kg7 55. gxh4 Bc5 56. Kd3 Rd8+ 57. Ke4 Rd2 58. Kf5 Ra2 59. Nc7 Be7 60.
Ne6+ Kh7 61. Ng6 Bb4 62. Bc6 Bc3 63. Be8 Rg2 64. h5 Rg1 65. Ne5 Rf1 66. Ng4 Bh8
67. Bg6+ Kg8 68. Nxh6# 1-0

[Event "BL 1516 Turm Emsdetten - SG Solingen"]
[Site "?"]
[Date "2015.12.13"]
[Round "4.6"]
[White "Fiebig, Thomas"]
[Black "Smeets, Jan"]
[Result "0-1"]
[WhiteElo "2424"]
[BlackElo "2597"]
[PlyCount "112"]
[EventDate "2015.??.??"]

1. e4 c5 2. c3 d5 3. exd5 Qxd5 4. Nf3 g6 5. Na3 Bg7 6. Bc4 Qd8 7. O-O Nf6 8. d4
cxd4 9. Nb5 O-O 10. Bf4 Bg4 11. Qxd4 Bxf3 12. Qxd8 Rxd8 13. gxf3 Nc6 14. Rad1
Rac8 15. Bb3 a6 16. Na3 Nh5 17. Be3 Be5 18. Nc4 Bc7 19. Nb6 Rxd1 20. Rxd1 Rd8
21. a4 e6 22. Rxd8+ Nxd8 23. Bc2 Kf8 24. b4 Nf4 25. c4 Nc6 26. Bc5+ Ke8 27. a5
Kd8 28. Na8 e5 29. Nxc7 Kxc7 30. Bb6+ Kb8 31. Bc5 Kc7 32. Bb6+ Kc8 33. b5 Nd4
34. bxa6 bxa6 35. Bd1 Nfe2+ 36. Kf1 Nc3 37. Bxd4 exd4 38. Bb3 Kb7 39. c5 Kc6
40. Bc4 Kxc5 41. Bxa6 Kb4 42. f4 Kxa5 43. Bc4 Kb4 44. Bxf7 d3 45. Ke1 Ne4 46.
f3 Nd6 47. Kd2 Nxf7 48. Kxd3 Kc5 49. Ke4 Kd6 50. f5 g5 51. h3 Ke7 52. f4 Kf6
53. fxg5+ Nxg5+ 54. Kf4 Nxh3+ 55. Kg4 Ng5 56. Kh5 Nf7 0-1

[Event "BL 1516 Turm Emsdetten - SG Solingen"]
[Site "?"]
[Date "2015.12.13"]
[Round "4.7"]
[White "Sandipan, Chanda"]
[Black "Zumsande, Martin"]
[Result "1/2-1/2"]
[WhiteElo "2582"]
[BlackElo "2442"]
[PlyCount "105"]
[EventDate "2015.??.??"]

1. e4 e6 2. d4 d5 3. e5 c5 4. c3 Qb6 5. Nf3 Nc6 6. a3 c4 7. Nbd2 f6 8. Be2 fxe5
9. Nxe5 Nxe5 10. dxe5 Bc5 11. O-O Ne7 12. b4 cxb3 13. Nxb3 O-O 14. Nxc5 Qxc5
15. c4 Bd7 16. a4 Rf7 17. Ba3 Qa5 18. Bg4 Nf5 19. cxd5 exd5 20. e6 Bxe6 21. Re1
Bd7 22. Re5 Qc3 23. Qe1 d4 24. Bf3 Kh8 25. Bxb7 Rb8 26. a5 h6 27. a6 Qxe1+ 28.
Raxe1 Ba4 29. Bc5 d3 30. Rd5 Bc2 31. Bxa7 Rbxb7 32. axb7 Rxb7 33. Bc5 Rb5 34.
Rd8+ Kh7 35. Ba3 Nh4 36. Bc1 Rb6 37. Rd4 Nf5 38. Rf4 Rd6 39. Bd2 Nd4 40. Rf7
Rg6 41. Rf8 Nb3 42. Ree8 Ra6 43. h4 h5 44. f4 Rf6 45. Rxf6 gxf6 46. Bc3 Kg6 47.
Re6 Nd4 48. Rxf6+ Kxf6 49. Bxd4+ Kf5 50. Be3 Kg4 51. Kf2 d2 52. Bxd2 Bf5 53. g3
1/2-1/2

[Event "BL 1516 Turm Emsdetten - SG Solingen"]
[Site "?"]
[Date "2015.12.13"]
[Round "4.8"]
[White "Richter, Christian"]
[Black "Handke, Florian"]
[Result "0-1"]
[WhiteElo "2367"]
[BlackElo "2525"]
[PlyCount "118"]
[EventDate "2015.??.??"]

1. d4 Nf6 2. Nf3 g6 3. g3 Bg7 4. Bg2 d5 5. O-O O-O 6. c4 dxc4 7. Na3 c3 8. bxc3
c5 9. e3 Nc6 10. Bb2 Qb6 11. Qe2 Bf5 12. Rfd1 Rfd8 13. h3 Rac8 14. Bf1 cxd4 15.
cxd4 Nb4 16. Nc4 Qa6 17. a3 Nd3 18. Rxd3 Qxc4 19. Rd2 Qxe2 20. Rxe2 Bd3 21. Rd2
Bxf1 22. Kxf1 Ne4 23. Re2 b5 24. Ne1 Rc4 25. Kg2 e6 26. f3 Nc3 27. Rd2 Na4 28.
Ra2 a6 29. Ba1 Rc1 30. Nd3 Rb1 31. Kf2 Rc8 32. Ke2 Bf8 33. d5 exd5 34. Nf4 Nc3+
35. Bxc3 Rxc3 36. a4 b4 37. Nxd5 Rc6 38. a5 Kg7 39. Rab2 Rh1 40. Nxb4 Rh2+ 41.
Kd1 Rh1+ 42. Ke2 Bxb4 43. Rxb4 Rxh3 44. Rb6 Rc5 45. Rxa6 Rxg3 46. Kf2 Rh3 47.
Kg2 Rhh5 48. Rd4 Rhg5+ 49. Rg4 Rge5 50. e4 h5 51. Rg3 Rc2+ 52. Kh3 Rf2 53. Rd6
Rxa5 54. Rd3 Raa2 55. Rg1 Rh2+ 56. Kg3 g5 57. Rd5 Kg6 58. Rd3 f6 59. Re3 f5 0-1

[Event "BL 1516 SV Mülheim Nord - SV Griesheim"]
[Site "?"]
[Date "2015.12.13"]
[Round "4.1"]
[White "Klekowski, Maciej"]
[Black "Navara, David"]
[Result "0-1"]
[WhiteElo "2465"]
[BlackElo "2730"]
[PlyCount "58"]
[EventDate "2015.??.??"]

1. c4 e5 2. g3 c6 3. d4 e4 4. Nc3 d5 5. Nh3 Bb4 6. Qb3 a5 7. cxd5 cxd5 8. a3
Bxc3+ 9. bxc3 a4 10. Qb5+ Nc6 11. Bd2 Nf6 12. Bg2 Bd7 13. Qb1 Na5 14. c4 Nb3
15. Ra2 Qc8 16. Nf4 Qxc4 17. Bb4 Rc8 18. O-O g5 19. Nh3 h6 20. Re1 Qxd4 21. e3
Qe5 22. Rc2 Rc6 23. Kh1 h5 24. Rxc6 bxc6 25. Qc2 h4 26. Bc3 Qd6 27. Nxg5 hxg3
28. f4 Rxh2+ 29. Kg1 Ng4 0-1

[Event "BL 1516 SV Mülheim Nord - SV Griesheim"]
[Site "?"]
[Date "2015.12.13"]
[Round "4.2"]
[White "Fridman, Daniel"]
[Black "Bulski, Krzysztof"]
[Result "1-0"]
[WhiteElo "2619"]
[BlackElo "2524"]
[PlyCount "97"]
[EventDate "2015.??.??"]

1. Nf3 Nf6 2. c4 g6 3. Nc3 d5 4. Qa4+ c6 5. cxd5 Nxd5 6. Qd4 f6 7. e4 e5 8.
Nxe5 Nxc3 9. Qxc3 Qe7 10. Nf3 Qxe4+ 11. Kd1 Bb4 12. Qxf6 Rf8 13. Qe5+ Qxe5 14.
Nxe5 Bc5 15. f3 Nd7 16. Nxd7 Bxd7 17. Bd3 O-O-O 18. Be4 Bf5 19. Re1 g5 20. Rb1
g4 21. Bxf5+ Rxf5 22. fxg4 Rf2 23. Re2 Rxe2 24. Kxe2 Rf8 25. b4 Rf2+ 26. Kd1
Bd6 27. h3 Rxg2 28. Rb3 Rf2 29. a3 Kd7 30. Bb2 a6 31. Bd4 Rf4 32. Rd3 Ke6 33.
Kc2 Rf7 34. Be3 Be7 35. Bb6 Bd6 36. Kd1 Rg7 37. Re3+ Kd5 38. Rf3 Ke6 39. Rf5
Rf7 40. Rh5 Be5 41. Kc2 Bf4 42. Be3 Be5 43. Kd3 Bb2 44. a4 Be5 45. Ke4 Bd6 46.
Bc5 Bc7 47. a5 Bf4 48. d4 Bd2 49. Re5+ 1-0

[Event "BL 1516 SV Mülheim Nord - SV Griesheim"]
[Site "?"]
[Date "2015.12.13"]
[Round "4.3"]
[White "Le Roux, Jean-Pierre"]
[Black "Landa, Konstantin"]
[Result "0-1"]
[WhiteElo "2574"]
[BlackElo "2625"]
[PlyCount "80"]
[EventDate "2015.??.??"]

1. Nf3 d5 2. g3 g6 3. c4 c6 4. Qa4 d4 5. b4 Bg7 6. d3 e5 7. Nbd2 Ne7 8. Bg2 O-O
9. Ba3 Nd7 10. O-O h6 11. Rab1 f5 12. b5 c5 13. Nb3 Qc7 14. e3 dxe3 15. fxe3 e4
16. dxe4 fxe4 17. Nfd2 Rxf1+ 18. Rxf1 b6 19. Nxe4 Bb7 20. Nd4 cxd4 21. Bxe7
Bxe4 22. Bxe4 Re8 23. Qa3 Qe5 24. Bd5+ Kh7 25. Bd6 Qxe3+ 26. Qxe3 dxe3 27. Re1
Nc5 28. Bxc5 bxc5 29. Kg2 Bc3 30. Re2 Bd2 31. Kf3 Rf8+ 32. Kg2 Kg7 33. a4 Kf6
34. a5 Ke5 35. b6 axb6 36. axb6 Kd4 37. b7 Kd3 38. Be6 Rb8 39. Kf3 Rxb7 40. Bd5
Re7 0-1

[Event "BL 1516 SV Mülheim Nord - SV Griesheim"]
[Site "?"]
[Date "2015.12.13"]
[Round "4.4"]
[White "Golod, Vitali"]
[Black "Tazbir, Marcin"]
[Result "1/2-1/2"]
[WhiteElo "2558"]
[BlackElo "2517"]
[PlyCount "87"]
[EventDate "2015.??.??"]

1. d4 Nf6 2. c4 e6 3. Nc3 Bb4 4. Qc2 d5 5. cxd5 exd5 6. Bg5 h6 7. Bxf6 Qxf6 8.
a3 Bxc3+ 9. Qxc3 c6 10. e3 Bf5 11. Nf3 Nd7 12. Be2 O-O 13. O-O Qe7 14. b4 a6
15. a4 Rfc8 16. Rfc1 Nf6 17. Bf1 Ne4 18. Qe1 Nd6 19. Ne5 f6 20. Nf3 g5 21. Nd2
Kg7 22. Nb3 h5 23. Nc5 h4 24. Qd1 Bg6 25. h3 Bf7 26. Rab1 Ne4 27. Nxe4 dxe4 28.
Rc5 Rd8 29. Qc2 Rd5 30. Rxd5 Bxd5 31. Qc5 Kf7 32. Qb6 Rc8 33. b5 axb5 34. axb5
Qc7 35. Qa7 c5 36. dxc5 Qxc5 37. Qa4 Qc2 38. Qb4 Qc5 39. Qd2 Be6 40. b6 Qc2 41.
Qb4 f5 42. Qe1 Kf6 43. Ra1 Rc6 44. Qa5 1/2-1/2

[Event "BL 1516 SV Mülheim Nord - SV Griesheim"]
[Site "?"]
[Date "2015.12.13"]
[Round "4.5"]
[White "Krassowizkij, Jaroslaw"]
[Black "Berelowitsch, Alexander"]
[Result "1/2-1/2"]
[WhiteElo "2448"]
[BlackElo "2522"]
[PlyCount "70"]
[EventDate "2015.??.??"]

1. e4 e6 2. d4 d5 3. Nc3 dxe4 4. Nxe4 Nd7 5. Nf3 Ngf6 6. Nxf6+ Nxf6 7. g3 b6 8.
Ne5 Bb7 9. Bb5+ c6 10. Qf3 Rc8 11. Bg5 Qd5 12. Be2 Be7 13. Qxd5 Nxd5 14. Bxe7
Kxe7 15. Bf3 f6 16. Nd3 c5 17. dxc5 bxc5 18. O-O-O Rc7 19. c4 Nb4 20. Bxb7 Rxb7
21. Nxc5 Rc7 22. Nd3 Rxc4+ 23. Kb1 Nd5 24. Rc1 Rhc8 25. b3 Rxc1+ 26. Rxc1 Rxc1+
27. Kxc1 Kd6 28. Kd2 e5 29. a3 g5 30. Nb2 e4 31. Nc4+ Kc5 32. Ne3 Ne7 33. Ng4
Nd5 34. Ne3 Ne7 35. Ng4 Nd5 1/2-1/2

[Event "BL 1516 SV Mülheim Nord - SV Griesheim"]
[Site "?"]
[Date "2015.12.13"]
[Round "4.6"]
[White "Levin, Felix"]
[Black "Chabanon, Jean-Luc"]
[Result "1/2-1/2"]
[WhiteElo "2506"]
[BlackElo "2469"]
[PlyCount "49"]
[EventDate "2015.??.??"]

1. d4 d5 2. c4 c6 3. Nf3 Nf6 4. Qc2 dxc4 5. Qxc4 Bg4 6. Nbd2 e6 7. g3 Nbd7 8.
Bg2 Be7 9. O-O O-O 10. Ne5 Bh5 11. Nxd7 Nxd7 12. Nb3 a5 13. Bf4 a4 14. Nc5 Nxc5
15. dxc5 Qa5 16. Rac1 Rfd8 17. Be3 Qa6 18. g4 Qxc4 19. Rxc4 Bg6 20. a3 Ra5 21.
Rfc1 Rb5 22. Bd4 Bf6 23. Bxf6 gxf6 24. Rxa4 Rxb2 25. Bf3 1/2-1/2

[Event "BL 1516 SV Mülheim Nord - SV Griesheim"]
[Site "?"]
[Date "2015.12.13"]
[Round "4.7"]
[White "Grabarczyk, Miroslaw"]
[Black "Hausrath, Daniel"]
[Result "1/2-1/2"]
[WhiteElo "2429"]
[BlackElo "2507"]
[PlyCount "49"]
[EventDate "2015.??.??"]

1. d4 Nf6 2. c4 g6 3. Nf3 Bg7 4. g3 O-O 5. Bg2 d6 6. Nc3 c6 7. O-O Qa5 8. e4
Bg4 9. h3 Bxf3 10. Bxf3 Nbd7 11. Be3 e5 12. d5 cxd5 13. cxd5 Rfc8 14. a3 a6 15.
Qe2 Qd8 16. Rfc1 h5 17. b4 Nb6 18. Nd1 Na4 19. Ra2 Rxc1 20. Bxc1 Qc8 21. Qc2
Qd7 22. Qb3 Kh7 23. Rc2 Rc8 24. Bg2 Rxc2 25. Qxc2 1/2-1/2

[Event "BL 1516 SV Mülheim Nord - SV Griesheim"]
[Site "?"]
[Date "2015.12.13"]
[Round "4.8"]
[White "Dinstuhl, Volkmar"]
[Black "Walter, Stefan"]
[Result "1/2-1/2"]
[WhiteElo "2400"]
[BlackElo "2403"]
[PlyCount "74"]
[EventDate "2015.??.??"]

1. d4 Nf6 2. c4 e6 3. Nf3 d5 4. Nc3 Be7 5. Bg5 h6 6. Bxf6 Bxf6 7. e3 O-O 8. Qd2
Nc6 9. cxd5 exd5 10. g3 Na5 11. Bg2 Nc4 12. Qe2 c6 13. O-O Re8 14. Rfd1 Bf5 15.
Rac1 Re7 16. b3 Nd6 17. Qb2 Qe8 18. h3 Qd7 19. g4 Bg6 20. Ne2 Rae8 21. Nf4 Be4
22. Nh5 Bg5 23. Re1 Bxf3 24. Bxf3 Ne4 25. Bxe4 Rxe4 26. Ng3 R4e6 27. Rc2 g6 28.
Rce2 Bh4 29. Kg2 Qd6 30. Nf1 Kh7 31. Nd2 Bf6 32. Qc3 Kg7 33. Qd3 Qb4 34. Nf3
Re4 35. Nd2 R4e6 36. Nf3 Re4 37. Nd2 R4e6 1/2-1/2

[Event "BL 1516 Hansa Dortmund - SV Hockenheim"]
[Site "?"]
[Date "2015.12.13"]
[Round "4.1"]
[White "Tomashevsky, Evgeny"]
[Black "Donchenko, Alexander"]
[Result "1-0"]
[WhiteElo "2744"]
[BlackElo "2588"]
[PlyCount "93"]
[EventDate "2015.??.??"]

1. d4 Nf6 2. c4 e6 3. Nf3 c5 4. d5 d6 5. Nc3 exd5 6. cxd5 g6 7. e4 Bg7 8. Nd2
O-O 9. Be2 Na6 10. O-O Re8 11. Kh1 Nc7 12. a4 Na6 13. f3 Nd7 14. Nb5 Bf8 15.
Nc4 Nb6 16. Nxb6 Qxb6 17. Bd2 Qd8 18. Bc3 Nc7 19. Qd2 a6 20. Nxc7 Qxc7 21. b4
b6 22. a5 b5 23. Rac1 f5 24. bxc5 dxc5 25. e5 Rxe5 26. d6 Rxe2 27. Qxe2 Qxd6
28. Ba1 Ra7 29. Rfd1 Qe7 30. Qb2 Bg7 31. Qxg7+ Qxg7 32. Bxg7 Kxg7 33. Rxc5 Bd7
34. Rcd5 Be6 35. Rd6 Kf7 36. Rb6 Bc8 37. Rc1 Rd7 38. h4 Bb7 39. Kh2 f4 40. Rc5
Kg7 41. Re5 Rc7 42. Ree6 Rf7 43. Red6 Rc7 44. Rd4 Rf7 45. Rbd6 Bc8 46. Rd8 Rf8
47. Rxf8 1-0

[Event "BL 1516 Hansa Dortmund - SV Hockenheim"]
[Site "?"]
[Date "2015.12.13"]
[Round "4.2"]
[White "Markus, Robert"]
[Black "Moiseenko, Alexander"]
[Result "1/2-1/2"]
[WhiteElo "2646"]
[BlackElo "2689"]
[PlyCount "61"]
[EventDate "2015.??.??"]

1. Nf3 Nf6 2. g3 b5 3. Bg2 Bb7 4. O-O e6 5. d3 c5 6. e4 d6 7. c3 a6 8. a4 b4 9.
cxb4 cxb4 10. a5 d5 11. e5 Nfd7 12. Bg5 Be7 13. Bxe7 Qxe7 14. Nbd2 O-O 15. Nb3
Nc6 16. Re1 Rac8 17. Qd2 Rc7 18. d4 Rfc8 19. Bf1 f6 20. Rac1 fxe5 21. Nxe5
Ncxe5 22. dxe5 Rxc1 23. Nxc1 Nb8 24. Nd3 Nc6 25. Rc1 Rf8 26. f4 h6 27. Nc5 Bc8
28. Nb3 Bb7 29. Nc5 Bc8 30. Nb3 Bb7 31. Nc5 1/2-1/2

[Event "BL 1516 Hansa Dortmund - SV Hockenheim"]
[Site "?"]
[Date "2015.12.13"]
[Round "4.3"]
[White "Buhmann, Rainer"]
[Black "Mons, Léon"]
[Result "1/2-1/2"]
[WhiteElo "2642"]
[BlackElo "2454"]
[PlyCount "98"]
[EventDate "2015.??.??"]

1. d4 d5 2. Nf3 Nf6 3. c4 e6 4. Nc3 Be7 5. Bf4 O-O 6. Rc1 Nbd7 7. cxd5 exd5 8.
e3 c6 9. h3 Re8 10. Bd3 Nf8 11. O-O Ne6 12. Bh2 g6 13. Na4 Ng7 14. Qb3 Bd6 15.
Bxd6 Qxd6 16. Ne5 Rb8 17. Qa3 Qxa3 18. bxa3 Nd7 19. Nxd7 Bxd7 20. Nc5 Re7 21.
Rc3 Ne6 22. Rb1 Nxc5 23. Rxc5 b6 24. Rc3 Kf8 25. a4 Ke8 26. Bc2 Kd8 27. Bb3 Re8
28. f3 f6 29. Kf2 Ke7 30. h4 Kd6 31. g4 f5 32. gxf5 Bxf5 33. Rbc1 Rbc8 34. a5
Rf8 35. Kg3 Rc7 36. Re1 Re8 37. Ba4 Ree7 38. Rec1 b5 39. Bd1 b4 40. Rb3 c5 41.
dxc5+ Rxc5 42. Rxc5 Kxc5 43. Kf4 Bd7 44. Rb2 Rf7+ 45. Kg3 Bb5 46. Bb3 Bc4 47.
Rd2 Re7 48. Kf4 Rf7+ 49. Kg3 Re7 1/2-1/2

[Event "BL 1516 Hansa Dortmund - SV Hockenheim"]
[Site "?"]
[Date "2015.12.13"]
[Round "4.4"]
[White "Zelbel, Patrick"]
[Black "Baramidze, David"]
[Result "0-1"]
[WhiteElo "2428"]
[BlackElo "2597"]
[PlyCount "50"]
[EventDate "2015.??.??"]

1. e4 e5 2. Nf3 Nc6 3. Bc4 Bc5 4. b4 Bxb4 5. c3 Be7 6. d4 Na5 7. Be2 d6 8. Qa4+
c6 9. dxe5 dxe5 10. Nxe5 Nf6 11. Bf4 b5 12. Qc2 Bd6 13. a4 Qc7 14. axb5 Bxe5
15. Bxe5 Qxe5 16. Rxa5 Nxe4 17. O-O O-O 18. Bf3 Bf5 19. Re1 Rfe8 20. h3 cxb5
21. Qe2 a6 22. Qa2 Qf6 23. Re3 Qb6 24. Bxe4 Rxe4 25. Qd5 Rae8 0-1

[Event "BL 1516 Hansa Dortmund - SV Hockenheim"]
[Site "?"]
[Date "2015.12.13"]
[Round "4.5"]
[White "Banusz, Tamas"]
[Black "Pap, Misa"]
[Result "1-0"]
[WhiteElo "2611"]
[BlackElo "2494"]
[PlyCount "159"]
[EventDate "2015.??.??"]

1. Nf3 f5 2. g3 Nf6 3. Bg2 g6 4. d4 Bg7 5. O-O O-O 6. b3 d6 7. Bb2 c6 8. c4 a5
9. Nc3 Na6 10. Rc1 Qc7 11. d5 Nc5 12. Nd4 Bd7 13. Qc2 Qb6 14. Rfd1 Rfc8 15. Rb1
a4 16. Bc1 cxd5 17. Nxd5 Nxd5 18. Bxd5+ e6 19. Bg2 axb3 20. axb3 d5 21. Be3 Qa6
22. Qd2 dxc4 23. bxc4 Ba4 24. Nxe6 Nxe6 25. Bxb7 Qxc4 26. Rdc1 Bc3 27. Bxa8
Bxd2 28. Rxc4 Rxc4 29. Bxd2 Bc6 30. Rb8+ Kf7 31. Bxc6 Rxc6 32. Be3 g5 33. Rb4
g4 34. h3 gxh3 35. Rh4 Kg6 36. Rh6+ Kg7 37. Rxh3 Kg6 38. Rh6+ Kg7 39. Rh4 Kg6
40. Rb4 h5 41. Rb8 Kg7 42. Re8 Ra6 43. Kg2 Rc6 44. Rb8 Rc2 45. Kf1 Rc4 46. Re8
Rc6 47. Bd2 Kh7 48. Kg2 Kg7 49. Be3 Kh7 50. Kf3 Kg7 51. Bd2 Rd6 52. Bc3+ Kf7
53. Rc8 Rd8 54. Rc6 Rd5 55. Rb6 Rc5 56. Bb2 Rc4 57. Rb5 Kg6 58. Re5 Ng5+ 59.
Kg2 Re4 60. Rxe4 Nxe4 61. Kf3 Kf7 62. Bd4 Kg6 63. Kf4 Ng5 64. f3 Nf7 65. Bc5
Kf6 66. Ba3 Kg6 67. Be7 Nh6 68. Ke5 Nf7+ 69. Ke6 Nh6 70. Bh4 Nf7 71. e4 fxe4
72. fxe4 Nh6 73. e5 Nf7 74. Kd5 Nh6 75. e6 Nf5 76. Kc6 Nd4+ 77. Kd7 Nf5 78. e7
Ng7 79. e8=Q+ Nxe8 80. Kxe8 1-0

[Event "BL 1516 Hansa Dortmund - SV Hockenheim"]
[Site "?"]
[Date "2015.12.13"]
[Round "4.6"]
[White "Wegener, Olaf"]
[Black "Ribli, Zoltan"]
[Result "1-0"]
[WhiteElo "2441"]
[BlackElo "2559"]
[PlyCount "139"]
[EventDate "2015.??.??"]

1. e4 c5 2. Nf3 e6 3. d4 cxd4 4. Nxd4 Nc6 5. Nc3 Qc7 6. Be3 a6 7. Qd2 Nf6 8.
O-O-O Bb4 9. f3 Ne5 10. Qe1 Bxc3 11. Qxc3 Qxc3 12. bxc3 d5 13. Bd3 dxe4 14.
fxe4 Ng6 15. Kd2 b5 16. Bg5 Nd7 17. Nb3 O-O 18. Na5 f5 19. exf5 exf5 20. Be3
Nde5 21. Bd4 Be6 22. Rhe1 Nxd3 23. cxd3 Bxa2 24. c4 bxc4 25. dxc4 Rac8 26. Kc3
Nf4 27. Be5 Ng6 28. Ra1 Rfe8 29. Bg3 f4 30. Bf2 Rxe1 31. Bxe1 Bxc4 32. Nxc4 Ne5
33. Ra4 Kf7 34. Kd4 Nxc4 35. Rxc4 Re8 36. Rc7+ Kg8 37. Bd2 Re2 38. Bxf4 Rxg2
39. Ra7 Rg6 40. Kd5 h6 41. Bd6 Rg5+ 42. Ke6 a5 43. Be5 Rg6+ 44. Kd5 Kh7 45.
Rxa5 Rg2 46. Ra7 Rg6 47. Ke4 Rg4+ 48. Kf5 Rg5+ 49. Ke6 Kg8 50. Rc7 Rg6+ 51. Kd5
Kh7 52. Rc3 Ra6 53. Ke4 Rb6 54. Kf5 Ra6 55. Rd3 Rb6 56. Bd6 Rc6 57. Ke6 Kg8 58.
Ke7 Rb6 59. Be5 Ra6 60. Rd8+ Kh7 61. Kf8 Ra7 62. Re8 Kg6 63. Kg8 Ra2 64. Bb8
Rb2 65. Bc7 Ra2 66. Rd8 Ra7 67. Be5 Ra2 68. Bb8 Rb2 69. Bc7 Rb7 70. Rd7 1-0

[Event "BL 1516 Hansa Dortmund - SV Hockenheim"]
[Site "?"]
[Date "2015.12.13"]
[Round "4.7"]
[White "Rau, Hannes"]
[Black "Mainka, Romuald"]
[Result "1-0"]
[WhiteElo "2468"]
[BlackElo "2417"]
[PlyCount "81"]
[EventDate "2015.??.??"]

1. d4 Nf6 2. c4 e6 3. Nc3 d5 4. cxd5 exd5 5. Bg5 c6 6. e3 Be7 7. Bd3 Nbd7 8.
Nge2 O-O 9. O-O Re8 10. f3 Nf8 11. Bh4 Be6 12. Bf2 Rc8 13. Kh1 c5 14. Rc1 Bd7
15. Bb1 Ng6 16. Qd2 cxd4 17. Nxd4 Ne5 18. Nf5 Bxf5 19. Bxf5 Nc4 20. Qe2 Rc6 21.
Rfd1 Nd6 22. Bc2 a6 23. Bb3 Qc8 24. Rc2 d4 25. Rxd4 Nf5 26. Rd1 Bc5 27. Nd5
Nxd5 28. Bxd5 Rc7 29. Be4 Nd6 30. Bd3 Qe6 31. Rdc1 Rec8 32. e4 Qe5 33. b4 Bxf2
34. Rxc7 Rxc7 35. Rxc7 Bb6 36. Rc1 g5 37. g3 h5 38. Rf1 Kg7 39. f4 gxf4 40.
gxf4 Qd4 41. e5 1-0